000 00606nam a2200205Ia 4500
003 OSt
005 20260108114722.0
008 008 250505s9999 xx 000 0 eng d
020 _a0-85038-383-8
037 _aTextbook
040 _aFEDL
_beng
_cFEDL
041 _aeng
_2eng
082 _a371.7324, DAV
100 _aDavies M B
_991463
245 0 _aPhysical education games and athletics for training colleges
260 _aLondon, UK
_bGeorge Allen and Unwin Limited
_c1927
300 _a292p.
942 _cTB
_h371.7324, DAV
_2ddc
_n0
999 _c1336400
_d1336400